|
|
|
|
| LEADER |
000000sb a2200000 a 4500 |
| 005 |
20230308203301.0 |
| 008 |
969060| ||||||||r|||||||||||spa|| |
| 040 |
|
|
|b spa
|
| 041 |
0 |
|
|a Es
|
| 082 |
0 |
|
|a 610.5
|b si1133b
|
| 100 |
1 |
|
|a Solís Cabrera, Rubén Darío
|9 86020
|
| 245 |
|
|
|a Enseñanza pre médica o ciencias básicas
|c Rubén Darío Solís Cabrera
|h imp
|
| 264 |
|
|
|a Cuenca
|b Universidad de Cuenca
|c marzo de 1969
|
| 300 |
|
|
|a páginas: 50-53
|
| 300 |
|
|
|b il
|
| 310 |
|
|
|a Irreg
|
| 362 |
|
|
|a 9; 1
|
| 500 |
|
|
|a Revista de Investigación científica Puede solicitar a: bibmedi@ucuenca.edu.ec
|
| 520 |
3 |
|
|a Enfoque que deben adoptarse en la carrera médica: social; biológico; clínico, internado
|
| 650 |
1 |
|
|a Medicina-Enseñanza
|9 276445
|
| 650 |
1 |
|
|a Enseñanza de la medicina
|9 82695
|
| 650 |
1 |
|
|a Instituciones de educacion superior
|9 276446
|
| 650 |
1 |
|
|a Facultades de medicina
|9 83841
|
| 650 |
1 |
|
|a Ciencias basicas
|9 115793
|
| 650 |
1 |
|
|a Planes de estudios
|9 276447
|
| 710 |
|
|
|a Universidad de Cuenca. Facultad de Ciencias Médicas
|9 198906
|
| 773 |
0 |
|
|0 si1133b
|9 si1133b
|a Solís Cabrera, Rubén Darío Universidad de Cuenca. Facultad de Ciencias Médicas
|d Cuenca Universidad de Cuenca marzo de 1969
|o si1133b
|w si1133b
|t Revista de la Facultad de Ciencias Médicas de la Universidad de Cuenca
|6 si1133b
|
| 852 |
|
|
|a UC-SALUD
|c HEMEROTECA: REVISTAS ECUATORIANAS
|f Donación
|l 1
|m Limitada
|p 19690600
|b 1
|d CDRS
|e CDRS
|g 610.5 si1133b HEMEROTECA: REVISTAS ECUATORIANAS
|z 1969-90-60
|
| 942 |
|
|
|c SERA
|
| 999 |
|
|
|c 105610
|d 105610
|